LEADER 01093nas--2200361---450- 001 990003489050203316 005 20110208114853.0 011 $a0021-8693 035 $a000348905 035 $aUSA01000348905 035 $a(ALEPH)000348905USA01 035 $a000348905 100 $a20110125a----9999km-y-itay50------ba 101 0 $aeng 102 $aUS 110 $aafazz--|||| 200 1 $aJournal of algebra 210 $aNew York$cAcademic Press 215 $av.$cill.$d26 cm 300 $aComincia nel 1964 300 $aDescrizione basata su Vol.270, n.1(2003)- 326 $aMensile 606 0 $aAlgebra$xPeriodici$2BNCF 676 $a512.05 801 0$aIT$bsalbc$gISBD 856 4$uhttp://periodici.caspur.it/cgi-bin/sciserv.pl?collection=journals&issn=00218693$4.$zOnline da workstation autorizzate 912 $a990003489050203316 958 $aSCI$bPER III$c1973-1983; 1996-1997; 2000;- 959 $aSE 979 $aCIANATIEMP$b90$c20110125$lUSA01$h1446 979 $aCIANATIEMP$b90$c20110208$lUSA01$h1148 996 $aJournal of algebra$9794042 997 $aUNISA LEADER 00988nam0-22002651i-450 001 990004793920403321 005 20210614172430.0 035 $a000479392 100 $a19990530g18909999km-y0itay50------ba 101 0 $aita 102 $aIT 105 $ay-------001yy 200 1 $aDiscorsi pronunziati dal Ministro Paolo Boselli nella discussione del bilancio del Ministero della Pubblica Istruzione per l'anno 1890-91 210 $aRoma$cTipografia della Camera dei deputati$d1890 215 $aXI, 219 p.$d21 cm 300 $aIn testa al front.: Camera dei deputati 702 1$aBoselli,$bPaolo 710 01$aItalia.$bMinistero della pubblica istruzione$0354240 801 0$aIT$bUNINA$gREICAT$2UNIMARC 901 $aBK 912 $a990004793920403321 952 $a3/VI DD 36$bs.i.$fFLFBC 959 $aFLFBC 996 $aDiscorsi pronunziati dal Ministro Paolo Boselli nella discussione del bilancio del Ministero della Pubblica Istruzione per l'anno 1890-91$91806463 997 $aUNINA LEADER 00951nam0-22002771i-450 001 990004585560403321 005 20230512093311.0 035 $a000458556 035 $aFED01000458556 035 $a(Aleph)000458556FED01 035 $a000458556 100 $a19990530d1954----km-y0itay50------ba 101 0 $ager 105 $ay-------001yy 200 1 $a<>unter dem namen des Albertus Magnus Uberlieferten mariologischen Schriften$eLiterarkritische untersuchung von Albert Fries 210 $aMunster$cAschendorffsche$d1954 215 $a140 p.$d22 cm 225 1 $aBeitrage zur Geschichte der Philosophie und Theologie des Mittelalters$v37 700 1$aFries,$bAlbert$0180367 801 0$aIT$bUNINA$gRICA$2UNIMARC 901 $aBK 912 $a990004585560403321 952 $a5/XV G 8(37)4$bBIBL.42377$fFLFBC 959 $aFLFBC 996 $aUnter dem Namen des Albertus Magnus Uberlieferten mariologischen Schriften$9550277 997 $aUNINA